Vármegyei közgyűlés

Informácia zo zasadania municípia Zemplínskej župy dňa 30. júna 1908 na ktorom o.i. odznelo odvolacie konanie vo veci volieb obvodného notára v Malčiciach Pavla Kovácsa. Informácia o tom, že hlavný župan v mesiacoch apríl až máj 1908 vydal 316 cestovných pasov a z Ameriky sa vrátilo 1130 osôb. Zákon...

Celý popis

Podrobná bibliografia
Médium: Článok
Jazyk:Hungarian
Témy:
Zdroj: 1. Felvidéki Hirlap : Közgazdasági, társadalmi és szépirodalmi hetilap 1. Roč. 1, č. 17 (05.07.1908) s. 3
LEADER 01496nab#a2200349#ar4500
001 000072864
003 SVKKK
005 20101227122629.0
008 101109d1908 xo |||||||||||||||b|hun
FMT
038 |a SVKKK 
040 |a SVKKK  |b slo  |e AACR2 
041 0 |a hun 
044 |a xo  |c SK 
080 |a 353  |2 1981 
080 |a 929 Kovács, Pavol  |2 1981 
242 1 0 |a Zasadanie župy  |y slo 
245 1 0 |a Vármegyei közgyűlés 
500 |a mikrofilm 
520 2 |a Informácia zo zasadania municípia Zemplínskej župy dňa 30. júna 1908 na ktorom o.i. odznelo odvolacie konanie vo veci volieb obvodného notára v Malčiciach Pavla Kovácsa. Informácia o tom, že hlavný župan v mesiacoch apríl až máj 1908 vydal 316 cestovných pasov a z Ameriky sa vrátilo 1130 osôb. Zákonodarná komisia predloží na vládu požiadavku, aby krčmárom povolenie na činnosť nedávalo finančné riaditeľstvo ale zákonodarná komisia. 
600 1 4 |a Kovács, Pavol  |x notár obvodný  |z Malčice (Slovensko)  |x pôsobenie 
610 2 4 |a municípium, Zemplínska župa (Sátoraljaújhely, Slovensko/Maďarsko) 
650 0 4 |a zasadanie  |z Sátoraljaújhely (Slovensko/Maďarsko)  |y 30.06.1908 
773 0 |t Felvidéki Hirlap : Közgazdasági, társadalmi és szépirodalmi hetilap  |g Roč. 1, č. 17 (05.07.1908) s. 3 
957 |a Sátoraljaujhely (HU) 
958 |a DG 
958 |a HU 
974 |a Ba 
992 |a RBX 
997 |a Kovács, Pavol  |d Málca p. Malčice 
BAS
998 |a RETRO